00391nam a22001337a 4500100001900000245007100019260002600090300000900116650001500125650001600140942000800156999001500164952007800179 aGamage,K.G.P.N aUse of Organic and Inorganic Fertilizers in Sri Lankan Agriculture aColombobICHEMCc2012 a26 p aFertilizer aAgriculture cREF c3112d3112 0010708REFaICbICcREFd2016-01-21l0pD0147r2016-01-21 00:00:00yDIS